• 首页
  • 本馆介绍
  • 公告通知
  • 最新文献
  • 馆藏检索
  • 电子资源
  • 读者导购
  • 参考咨询
  • 我的图书馆
  • 登录
  • 详细信息显示
  • 放入我的书架
  • 预约/预借图书
  • 作者相关作品
  • 分类相关作品
  • 丛书相关作品
  • 出版社相关作品

书目信息

  • 表格格式
  • 工作单格式
  • 卡片格式
题名:
诚信滨海
    
 
作者: 金刚 著
分册:  
出版信息: 天津   天津人民出版社  2014
页数: 250页
开本: 24cm
丛书名: 滨海百本书系
单 册:
中图分类: D648.3
科图分类:
主题词: 社会公德教育--研究--中国
电子资源:
ISBN: 978-7-201-09030-6
000 00911nam0 2200265 450
001 337760
005 20150529083537.98
010    @a978-7-201-09030-6@dCNY30.00
100    @a20150306d2014 em y0chiy50 ea
101 0  @achi
102    @aCN@b120000
105    @ay z 000yy
106    @ar
200 1  @a诚信滨海@Acheng xin bin hai@e诚信体系建设思维与启示@f金刚著
210    @a天津@c天津人民出版社@d2014
215    @a250页@d24cm
225 1  @a滨海百本书系@v21
330    @a本书从诚信体系建设思维的角度出发, 在对相关理论和实践经验进行阐述和总结的基础上, 针对我国目前诚信体系建设的阶段性条件, 提出了一些比较有价值的观点。
410  0 @12001 @a滨海百本书系
517 1  @a诚信体系建设思维与启示@Acheng xin ti xi jian she si wei yu qi shi
606 0  @a社会公德教育@x研究@y中国
690    @aD648.3@v5
701  0 @a金刚@Ajin gang@f(1967)@4著
801  0 @aCN@b卓展宏图@c20150525
905    @dD648.3@e165@f5
    
    诚信滨海:诚信体系建设思维与启示/金刚著.-天津:天津人民出版社,2014
    250页;24cm.-(滨海百本书系;21)
    
    
    ISBN 978-7-201-09030-6:CNY30.00
    本书从诚信体系建设思维的角度出发, 在对相关理论和实践经验进行阐述和总结的基础上, 针对我国目前诚信体系建设的阶段性条件, 提出了一些比较有价值的观点。
●
相关链接 在E读中查询图书 在五车中查询图书 在当当中查询图书 在豆瓣中查询图书


正题名:诚信滨海     索取号:D648.3/165         预约/预借

序号 登录号 条形码 馆藏地/架位号 状态 备注
1 855992   208559923   第一样本阅览室/ [索取号:D648.3/165] 在馆    
2 855993   208559932   密集书库-史法系/ [索取号:D648.3/165] 在馆    
3 855994   208559941   第一借阅区/ [索取号:D648.3/165] 在馆    
4 855995   208559950   第一借阅区/ [索取号:D648.3/165] 在馆    
5 855996   208559969   第一借阅区/ [索取号:D648.3/165] 在馆    
唐山师范学院图书馆 欢迎您!
大连网信软件有限公司© 版权所有